| 000 | 00418nam a22001697a 4500 | ||
|---|---|---|---|
| 003 | CEME | ||
| 005 | 20210628210403.0 | ||
| 008 | 210216b xxu||||| |||| 00| 0 eng d | ||
| 040 | _c. | ||
| 082 | _a297 MUZ | ||
| 100 |
_aMuzaffar Warsi Warsi, Muzaffar _979174 |
||
| 245 | _aNoor-e-azal | ||
| 260 |
_aLAHORE _bALQAMAR ENTERPRISES _c1992 |
||
| 300 | _a112P | ||
| 650 |
_aISLAM-NAATEYA KALAM _979071 |
||
| 942 |
_cBK _2ddc |
||
| 999 |
_c584231 _d584231 |
||